Profesionálna rodina zborník abstraktov z vedeckej konferencie s medzinárodnou účasťou : Partizánske : 24.2.2011

Bibliographic Details
Other Authors: Kozoň, Antonín (Editor), Hejdiš, Milan (Editor)
Format: Book
Language:Slovak
Czech
PhysicalDescription:23 s. 30 cm
Published: Trenčín SpoSoIntE 2011
ISBN:9788089533008
Edition:[1. vyd.]
Subjects:

MARC

LEADER 00000nam a22000005a 4500
001 vtls010296349
003 SK-MaSNL
005 20260302011851.0
008 180809s2011 xo f a 100 0 slo
015 |a SNBA2011/09-04925 
020 |a 9788089533008  |q (brož.) 
035 |a 0825D00E-8B9A-4A1C-86C2-6138751ABD54 
035 |a urn:nbn:sk:snk-amlswa 
035 |a urn:nbn:sk:snk-am00ca56 
040 |a SNK  |b slo  |c SNK  |e AACR2 
041 0 |a slo  |a cze 
044 |a xo  |c SK 
072 7 |a 364-1/-7  |x Druhy sociálnej pomoci a služieb  |2 konspekt 
080 |a (048.3)  |2 2001 
080 |a (062.534)  |2 2001 
080 |a 364-782.4  |2 2001 
245 0 0 |a Profesionálna rodina  |b zborník abstraktov z vedeckej konferencie s medzinárodnou účasťou : Partizánske : 24.2.2011  |c Antonín Kozoň, Milan Hejdiš (eds.) 
250 |a [1. vyd.] 
260 |a Trenčín  |b SpoSoIntE  |c 2011 
300 |a 23 s.  |c 30 cm 
546 |a Čiast. text čes. 
650 0 7 |a Foster home care  |2 SNKPHeng  |9 276246 
650 0 7 |a náhradná rodinná starostlivosť  |2 SNKPH  |9 1001 
655 7 |a abstrakty  |2 SNKPH  |9 22516 
655 7 |a zborníky konferencií  |2 SNKPH  |9 70153 
655 7 |a Abstracts  |2 SNKPHeng  |9 275616 
655 7 |a Proceedings of conferences  |2 SNKPHeng  |9 265791 
700 1 |a Kozoň, Antonín  |4 edt  |9 292460 
700 1 |a Hejdiš, Milan  |4 edt  |9 542496 
919 |a 978-80-89533-00-8 
968 |d 36 
999 |c 1007641  |d 1009571 
952 |a SNK  |b SNK  |y PREZ  |7 0  |p 17A0710924  |o snkSB 81834  |i snk2011/16770  |8 0  |0 0  |1 0  |4 0  |d 2011-08-02  |f 1  |l 0  |r 2025-05-05 00:00:00  |w 2026-02-24 
952 |a SNK  |b SNK  |y VYP  |7 0  |p 17A0710925  |o snkSB 81834 D1  |i snk2011/16774  |8 0  |0 0  |1 0  |4 0  |d 2011-08-02  |l 0  |r 2016-06-30 00:00:00  |w 2026-02-24